| 000 | 01488nam a2200457 i 4500 | ||
|---|---|---|---|
| 001 | 15502 | ||
| 003 | KOSZ 005 | ||
| 005 | 20200630110013.0 | ||
| 008 | 200417s1973 pl a 001 0 pol | ||
| 015 | _aUWD 1973/3199 | ||
| 035 | _a991033149699705066 | ||
| 035 | _a(PL-WaBN)b18882389-48omnis_nlop | ||
| 035 | _ab18882389 | ||
| 035 | _a(OCoLC)69551385 | ||
| 035 | _a(PL)b0000001888238 | ||
| 035 | _a(EXLNZ-48OMNIS_NETWORK)9910403593105606 | ||
| 040 |
_aWA N _cWA N _dKOSZ 005/RW |
||
| 046 | _k1973 | ||
| 080 | _a547 | ||
| 080 | _a(075.8) | ||
| 100 | 1 |
_aNyrek, Stefan _d(1908-1974) _eAutor |
|
| 245 | 1 | 0 |
_aChemia organiczna / _cStefan Nyrek. |
| 260 |
_aWarszawa : _bPaństwowe Wydawnictwo Naukowe, _c1973. |
||
| 300 |
_a472, [1] strony : _bilustracje ; _c24 cm. |
||
| 336 |
_aTekst _btxt _2rdacontent |
||
| 337 |
_aBez urządzenia pośredniczącego _bn _2rdamedia |
||
| 338 |
_aWolumin _bnc _2rdacarrier |
||
| 380 | _aKsiążki | ||
| 380 | _aPublikacje dydaktyczne | ||
| 388 | _a1901-2000 | ||
| 388 | _a1945-1989 | ||
| 504 | _aBibliografia na stronie [464]. Indeks. | ||
| 521 | 8 | _aPodręcznik dla akademii rolniczych. | |
| 650 | 7 |
_aChemia organiczna _2DBN |
|
| 655 | 7 |
_aPodręczniki akademickie _2DBN |
|
| 658 | _aChemia | ||
| 710 | 2 |
_aPaństwowe Wydawnictwo Naukowe _4pbl |
|
| 856 |
_uhttp://koha.tu.koszalin.pl/cgi-bin/koha/opac-detail.pl?biblionumber=15502 _yKatalog online BPK |
||
| 942 |
_2UKD _cKS |
||
| 999 |
_c15502 _d15502 |
||